| 000 | 00937nac a22002417a 4500 | ||
|---|---|---|---|
| 001 | BR6001607 | ||
| 003 | BR-BrBNA | ||
| 005 | 20240105113009.0 | ||
| 008 | 230509b bl.|||m| |||| 00| 0 por d | ||
| 040 |
_aBR-BrBNA _bpor _cBiblioteca Nacional de Agricultura |
||
| 072 | _aE30; C00 | ||
| 090 | _aE30 BR6001607 | ||
| 110 | 1 |
_aAssociacao Nordestina de Credito e Assistencia Rural do Rio Grande do Norte, Natal (Brasil) _9712 |
|
| 245 | 1 | _aPlano de trabalho 1972. Extensao rural Estado do Rio Grande do Norte [Associacao Nordestina de Credito e Assistencia Rural; Brasil] | |
| 260 | 3 |
_a[np](Brasil): _c1972. |
|
| 300 | _a61 p. | ||
| 490 |
_aPlano de Trabalho - Associacao Nordestina de Credito e Assistencia Rural do Rio Grande do Norte (Brazil) _v _x |
||
| 650 | _aDesenvolvimento agricola | ||
| 650 | _aExtensao rural | ||
| 650 | _aRio Grande do Norte | ||
| 909 |
_a202312 _bLúcia Elande _c55 _dLúcia Elande |
||
| 942 |
_2AGRIS _n0 _cMS |
||
| 999 |
_c261331 _d261331 |
||